"Easiest" Quiz in the World - Statistics

General Stats
  • This quiz has been taken 36 times
    23 since last reset
  • The average score is 6 of 20
Answer Stats
Question Answer % Correct
How long did the Hundred Years War last? 116 years
65%
What is tin foil made from? Aluminium
50%
What are Buffalo Wings made from? Chicken
50%
In what month do Russians remember the October Revolution? November
50%
What is the colour of a black box in a commercial aeroplane? Orange
50%
Teams from how many countries compete in the Baseball World Series? 2 (USA and Canada)
40%
Where was the 2003 film "The Italian Job" predominantly set? Los Angeles
40%
Using its cardinal direction, on which coast of the UK is West Sussex? South East
40%
In what country was the Scotch Egg first created? England
30%
Where did Arabic numerals originate? India
30%
What country do Panama hats come from? Ecuador
25%
What nationality were the Pennsylvanian Dutch? German
25%
Hippomania is a passion for which animal? Horse
25%
In what English County is Leeds Castle? Kent
25%
What animals are the Canary Islands named after? Dogs
20%
What meat is Bombay Duck made with? Fish
20%
What was England's King George VI's first name? Albert
15%
What is the main ingredient of mincemeat? Dried fruit
15%
What colour is a purple finch? Crimson
10%
Warwick University is in which English city? Coventry
10%
No matching quizzes found
Score Distribution
Percent of People with Each Score
Percentile by Number Answered
Your Score History
You have not taken this quiz since the last reset